03606cam a2200433 a 450000100090000000300040000900500170001300800410003001000170007102000430008802000400013102000420017102000390021303500130025203500210026504000470028605000240033308200160035710000260037324500850039926000490048430000210053333600260055433700280058033800270060850400530063550515480068852004930223663000240272963000380275365000370279165000610282865000300288965000360291990600450295594200120300099900170301295201430302915716193OSt20260218151024.0090428s2009 ilu b 001 0 eng  a 2009017674 a9780830827442qpbk. : USA : alk. paper a0830827447qpbk. : USA : alk. paper a9781844742073qpbk. : UK : alk. paper a1844742075qpbk. : UK : alk. paper a15716193 a(OCoLC)294888359 aDLCcDLCdBTCTAdYDXCPdC#PdBWXdSGBdDLC00aBT180.W67bW37 200900a220.1/32221 aWard, Timothy,d1967-10aWords of life :bScripture as the living and active word of God /cTimothy Ward. aDowners Grove, Ill. :bIVP Academic,cc2009. a184 p. ;c23 cm. atextbtxt2rdacontent aunmediatedbn2rdamedia avolumebnc2rdacarrier aIncludes bibliographical references and indexes.0 aIntroduction: God and the Bible -- God and Scripture : a biblical outline -- God's action and his words -- The Old Testament -- The New Testament -- God's person and his words -- God's words and human words -- Christ's words, and God's action and person -- Christ's words and human words -- God's words and the Bible -- The Trinity and Scripture : a theological outline -- The Father and Scripture : the covenant book -- Redemption and Scripture -- Revelation and Scripture -- The Son and Scripture : the words of the Word -- Jesus and the Bible as both 'Word of God' -- Scripture and the incarnation -- The Holy Spirit and Scripture : the God-breathed word -- The inspiration of Scripture -- The preservation of Scripture -- The illumination of Scripture -- Summary -- The attributes of Scripture : a doctrinal outline -- The necessity of Scripture -- The sufficiency of Scripture -- The clarity of Scripture -- Preaching and a clear Bible -- Diverse interpretations and a clear Bible -- Defining the clarity of Scripture -- The authority of Scripture -- The nature of biblical authority-- Inerrancy and infallibility -- The Bible and Christian life : the doctrine of Scripture applied -- The meaning of sola scriptura -- Scripture and the Christian community -- Scripture and preaching -- The Spirit and the Bible -- The Spirit and the preacher -- The Spirit and the people of God -- Scripture and the individual Christian -- Private Bible reading in relation to corporate Bible reading and preaching -- The aim of Bible reading -- Summary. aWard offers an understanding of the nature of Scripture under three main headings. A biblical outline shows that the words of the Bible form a significant part of God's action in the world. A theological outline focuses on the relationship of Scripture with each of the persons of the Trinity. And a doctrinal outline examines the 'attributes' of Scripture. A final chapter explores some significant areas in which the doctrine of Scripture should be applied. --from publisher description00aBiblexInspiration.00aBiblexEvidences, authority, etc. 0aWord of God (Christian theology) 0aLanguage and languagesxReligious aspectsxChristianity. 0aRevelationxChristianity. 0aKnowledge, Theory of (Religion) a7bcbccorignewd1eecipf20gy-gencatlg 2lcccBK c21282d21281 00102lcc70aKABUbKABUcGENd2026-02-18eDonationi2025/3392l0oBT180.W67 W37 2009 C.1p38645r2026-02-18 15:11:48tC.1w2026-02-18yBK